000
00257nam a22001097a 4500
082
_a
808 HOO'G
100
_a
EKSTRAND, W. F,HOOK, J. N
_9
60067
245
_a
GUIDE TO COMPOSITION
260
_a
NEWYORK
_b
J. B. LIPPINCOTT
_c
1953
300
_a
495P
942
_c
BK
999
_c
569898
_d
569898